Rodolfo Puiggrós: retrato familiar de un intelectual militante /
| Autore principale: | |
|---|---|
| Natura: | Libro |
| Lingua: | spagnolo |
| Pubblicazione: |
Buenos Aires :
Aguilar, Altea, Taurus, Alfaguara,
2010
|
| Soggetti: |
MARC
| LEADER | 00000nam a2200000Ia 4500 | ||
|---|---|---|---|
| 008 | 170110b2010 ag ||||| |||| 00| | spa d | ||
| 999 | |c 513 |d 513 | ||
| 020 | |a 9789870416258 | ||
| 090 | |a 19.02.02 |b 1973 | ||
| 100 | 1 | |a Puiggrós, Adriana |9 2196 | |
| 245 | 1 | 0 | |a Rodolfo Puiggrós: retrato familiar de un intelectual militante / |c Adriana Puiggrós |
| 260 | |a Buenos Aires : |b Aguilar, Altea, Taurus, Alfaguara, |c 2010 | ||
| 300 | |a 254 páginas | ||
| 600 | 0 | |9 2389 |a PUIGGROS, RODOLFO | |
| 650 | 1 | 4 | |a BIOGRAFÍAS |9 968 |
| 942 | |i 002284 |h 19.02.02 1973 |2 z |c 01 | ||
